[Event "NLD-chT9697"]
[Site "Holland"]
[Date "1996.??.??"]
[Round "?"]
[White "Timman, Jan H"]
[Black "Tjiam, Dharma"]
[Result "1-0"]
[WhiteElo "2620"]
[BlackElo "2340"]

1.c4 Nf6 2.Nc3 e5 3.Nf3 Nc6 4.g3 Bb4 5.Nd5 Bc5 6.Bg2 d6 7.O-O O-O 8.e3 Bg4
9.h3 Bh5 10.g4 Bg6 11.d4 Bb6 12.b3 Re8 13.Bb2 Nxd5 14.cxd5 Nb4 15.a3 Nd3
16.Bc3 e4 17.Nd2 Qg5 18.Nc4 h5 19.f4 exf3 20.Qxf3 Re7 21.gxh5 Be4 22.Qg4 Qxd5
23.Bxe4 Rxe4 24.Qg2 Qe6 25.d5  1-0

[Event "NLD-ch"]
[Site "NLD"]
[Date "1996.??.??"]
[Round "7"]
[White "Sokolov, Ivan"]
[Black "Timman, Jan H"]
[Result "1/2-1/2"]
[WhiteElo "2665"]
[BlackElo "2620"]

1.d4 Nf6 2.c4 e6 3.Nc3 Bb4 4.e3 O-O 5.Bd3 d5 6.Ne2 dxc4 7.Bxc4 c5 8.O-O Nc6
9.a3 cxd4 10.exd4 Bd6 11.h3 b6 12.Bg5 Be7 13.Qd3 Bb7 14.Bb3 Ne5 15.Qc2 Ng6
16.Rad1 Rc8 17.Qd3 Nd5 18.Bc1 Qd7 19.Nxd5 Bxd5 20.Bxd5 Qxd5 21.Nc3 Qb3 22.d5 Rfd8
23.Qa6 Qc4 24.Qxc4 Rxc4 25.dxe6 fxe6 26.Rxd8+  1/2-1/2

[Event "Yerevan ol (Men)"]
[Site "Yerevan"]
[Date "1996.??.??"]
[Round "5"]
[White "Short, Nigel D"]
[Black "Timman, Jan H"]
[Result "1/2-1/2"]
[WhiteElo "2695"]
[BlackElo "2590"]

1.e4 e5 2.Nf3 Nc6 3.Bb5 a6 4.Ba4 Nf6 5.O-O Nxe4 6.d4 b5 7.Bb3 d5 8.dxe5 Be6
9.c3 Bc5 10.Nbd2 O-O 11.Bc2 Bf5 12.Nb3 Bg6 13.Nfd4 Bxd4 14.cxd4 a5 15.Be3 a4
16.Nc1 a3 17.b3 f6 18.exf6 Qxf6 19.Ne2 Nb4 20.Bb1 Qe7 21.Re1 Nxf2 22.Bxf2 Bxb1
23.Rxb1 Rxf2 24.Kxf2 Rf8+ 25.Nf4 Rxf4+ 26.Kg1 Re4 27.Qd2 Nd3 28.Rf1 Rxd4
29.Rf3 Nf4 30.Qf2 g5 31.Re3 Re4 32.Rxe4 dxe4 33.Qe3 Nd3 34.Rf1 Qe5 35.Kh1 Kg7
36.h4 gxh4 37.g3  1/2-1/2

[Event "Yerevan ol (Men)"]
[Site "Yerevan"]
[Date "1996.??.??"]
[Round "6"]
[White "Timman, Jan H"]
[Black "Gelfand, Boris"]
[Result "1/2-1/2"]
[WhiteElo "2590"]
[BlackElo "2665"]

1.d4 d5 2.c4 c6 3.Nf3 Nf6 4.Nc3 e6 5.Bg5 h6 6.Bxf6 Qxf6 7.e3 Nd7 8.Bd3 dxc4
9.Bxc4 g6 10.O-O Bg7 11.Rc1 O-O 12.Re1 Rd8 13.Qe2 Qe7 14.Ne4 a5 15.Bb3 b6
16.Nc3 Bb7  1/2-1/2

[Event "Yerevan ol (Men)"]
[Site "Yerevan"]
[Date "1996.??.??"]
[Round "12"]
[White "Rozentalis, Eduardas"]
[Black "Timman, Jan H"]
[Result "0-1"]
[WhiteElo "2610"]
[BlackElo "2590"]

1.e4 e5 2.Nf3 Nc6 3.Bb5 a6 4.Bxc6 dxc6 5.O-O Qd6 6.d3 f6 7.Be3 Be6 8.Nbd2 Ne7
9.d4 exd4 10.Nxd4 Bf7 11.Qe2 c5 12.N4b3 b6 13.a4 a5 14.Nc4 Qc6 15.Nbd2 g6
16.Bf4 Bg7 17.Ne3 O-O-O 18.Rad1 Rhe8 19.b3 g5 20.Bg3 Bg6 21.f4 gxf4 22.Bxf4 Kb7
23.Qf3 Rd4 24.Nec4 f5 25.Be5 fxe4 26.Qe2 Bxe5 27.Nxe5 Qe6 28.Ndc4 Nd5 29.Rde1 e3
30.g3 Re4 31.Nxg6 hxg6 32.Qf3 Kb8 33.Qf7 e2 34.Rf3 Qxf7 35.Rxf7 Nb4 36.Na3 c4
37.Rf3 cxb3 38.Rxb3 Re3 39.Rxe3 Rxe3 40.Nc4 Rc3 41.Ne5 Rxc2 42.Kf2 b5 43.axb5 a4
44.Ra1 Na2 45.h4 Nc3 46.Nd3 Rd2 47.Ne1 Rd4 48.Rc1 Ne4+ 49.Kxe2 Nxg3+ 50.Kf3 Nf5
51.h5 gxh5 52.Rc5 Nd6 53.Rxh5 a3 54.Nc2 Rc4 55.Rh2 Rc3+ 56.Kf4 Nxb5 57.Ke4 Kb7
58.Ne3 c6  0-1

[Event "Gouda NLD-Top rap"]
[Site "Gouda"]
[Date "1997.??.??"]
[Round "?"]
[White "Piket, Jeroen"]
[Black "Timman, Jan H"]
[Result "1/2-1/2"]
[WhiteElo "2630"]
[BlackElo "2625"]

1.Nf3 c5 2.c4 Nf6 3.Nc3 Nc6 4.g3 d5 5.d4 cxd4 6.Nxd4 dxc4 7.Nxc6 Qxd1+ 8.Nxd1 bxc6
9.Bg2 Nd5 10.Ne3 e6 11.Nxc4 Ba6 12.b3 Bb4+ 13.Bd2 Ke7 14.Rc1 Rhc8 15.Bxb4+ Nxb4
16.a3 Nd5 17.Na5 c5 18.e4 Nf6 19.e5 Nd5 20.Kd2 Rc7 21.Rhd1 Rac8 22.Ke1 c4
23.Bxd5 exd5 24.Rxd5 c3 25.b4 Bc4 26.Rd6 Be6 27.b5 Bd7 28.a4 f6 29.Ra6 fxe5
30.Ke2 Kf7 31.h4 c2 32.Nc6 Bxc6 33.bxc6 Rxc6 34.Rxa7+ Kf6 35.Rb7 Rc5  1/2-1/2

[Event "Gouda NLD-Top rap"]
[Site "Gouda"]
[Date "1997.??.??"]
[Round "?"]
[White "Timman, Jan H"]
[Black "Nijboer, Friso"]
[Result "1/2-1/2"]
[WhiteElo "2625"]
[BlackElo "2605"]

1.e4 c5 2.Nf3 e6 3.d4 cxd4 4.Nxd4 a6 5.Bd3 g6 6.Be3 Bg7 7.Nc3 Nf6 8.e5 Nd5
9.Nxd5 exd5 10.Qd2 Nc6 11.O-O-O O-O 12.h4 d6 13.Nxc6 bxc6 14.exd6 Qxd6 15.Bh6 Qf6
16.Bxg7 Qxg7 17.h5 Rb8 18.c3 Be6 19.Rh4 Qf6 20.Rf4 Qe5 21.hxg6 fxg6 22.Rxf8+ Rxf8
23.Re1 Qf6 24.f3 a5 25.Qe3 Bf7 26.Kc2 Re8 27.Qf2 Rxe1 28.Qxe1 c5 29.Qg3 c4
30.Be2 g5 31.Qc7 a4 32.Kd2 h5 33.a3 Qf4+ 34.Qxf4 gxf4 35.Bd1 Be8 36.Bc2  1/2-1/2

[Event "Gouda NLD-Top rap"]
[Site "Gouda"]
[Date "1997.??.??"]
[Round "?"]
[White "Timman, Jan H"]
[Black "Van Wely, Loek"]
[Result "0-1"]
[WhiteElo "2625"]
[BlackElo "2655"]

1.Nf3 Nf6 2.d4 e6 3.Bg5 c5 4.e3 h6 5.Bh4 b6 6.Nbd2 Bb7 7.Bd3 Be7 8.O-O O-O
9.c3 Nc6 10.a3 cxd4 11.cxd4 d6 12.Re1 Qd7 13.e4 Nh5 14.Bxe7 Nxe7 15.g3 Nf6
16.Qe2 Rfc8 17.Rad1 Rc7 18.Nh4 Qa4 19.Ndf3 Rac8 20.Ng2 Rc2 21.Bxc2 Rxc2 22.Rd2 Rxd2
23.Nxd2 Qxd4 24.Qe3 Qxb2 25.Nc4 Qa2 26.Nxd6 Bc6 27.h3 Nd7 28.Nf4 e5 29.Nd3 Qe6
30.Ne8 Qxh3 31.Nb4 Nc5 32.Nxc6 Nxc6 33.Nd6 Nd4 34.Rc1 h5 35.Nc4 f6 36.Nd2 h4
37.Rf1 Nce6 38.Rc1 hxg3 39.fxg3 Nf4  0-1

[Event "Gouda NLD-Top rap"]
[Site "Gouda"]
[Date "1997.??.??"]
[Round "?"]
[White "Timman, Jan H"]
[Black "Van der Sterren, Paul"]
[Result "0-1"]
[WhiteElo "2625"]
[BlackElo "2555"]

1.e4 e5 2.Nf3 Nf6 3.d4 Nxe4 4.Bd3 d5 5.Nxe5 Nd7 6.Nxd7 Bxd7 7.O-O Bd6 8.c4 c6
9.cxd5 cxd5 10.Nc3 Nxc3 11.bxc3 O-O 12.Qh5 g6 13.Qxd5 Qc7 14.h3 Be6 15.Qf3 Qxc3
16.Bh6 Rfd8 17.Rfd1 Bd5 18.Qf6 Bf8 19.Bxf8 Rxf8 20.Rac1 Qa3 21.Rc5 Qxa2 22.h4 Rae8
23.h5 Re6 24.Qg5 Bb3 25.Rdc1 b6 26.Rc8 Qa5 27.Rxf8+ Kxf8 28.Rc8+ Re8 29.Qh6+ Ke7
30.Rc7+ Kd8 31.Qf4 Re1+ 32.Bf1 Qf5 33.Qd6+ Ke8 34.h6 Bd5 35.Qb4 Qb1 36.Rc8+ Kd7
37.Qc3 Rxf1+ 38.Kh2 Rh1+ 39.Kg3 Rh3+ 40.gxh3 Qg1+ 41.Kh4 Qxf2+ 42.Kg5 f6+
43.Kg4 Be6+  0-1

[Event "Gouda NLD-Top rap"]
[Site "Gouda"]
[Date "1997.??.??"]
[Round "?"]
[White "Van der Sterren, Paul"]
[Black "Timman, Jan H"]
[Result "0-1"]
[WhiteElo "2555"]
[BlackElo "2625"]

1.d4 Nf6 2.c4 e6 3.Nf3 b6 4.g3 Ba6 5.b3 Bb7 6.Bg2 Bb4+ 7.Bd2 a5 8.O-O O-O
9.Nc3 d6 10.Qc2 Nbd7 11.Rfe1 Bxc3 12.Bxc3 Be4 13.Qb2 a4 14.Bf1 Qb8 15.Nd2 b5
16.f3 Bc6 17.b4 bxc4 18.Nxc4 d5 19.Na3 Re8 20.Rab1 Bb7 21.b5 Qa7 22.Kh1 Qb6
23.Qd2 e5 24.dxe5 Nxe5 25.Bg2 Qd6 26.Rb4 Qe7 27.Bxe5 Qxe5 28.Nc2 Nd7 29.Nd4 Nb6
30.f4 Qf6 31.e3 Re7 32.Kg1 Rae8 33.Bf3 g6 34.Re2 Ba8 35.Qc1 Nc4 36.Rxc4 dxc4
37.Bxa8 Rxa8 38.Nc6 Rd7 39.Qxc4 Qd6 40.Nd4 a3 41.Rc2 Qe7 42.Rc3 Qe4 43.Qc6 Qxc6
44.bxc6 Rdd8 45.Kf2 Rdb8 46.Nb3 Rb6 47.Kf3 Raa6 48.Nd4 Rb2 49.Nc2 Rbb6 50.Nxa3 Rxc6
51.Rd3 Rd6 52.Rc3 Rac6 53.Nb5 Rxc3 54.Nxc3 Rc6 55.Nb5 Rc5 56.a4 Kf8 57.h4 Ke7
58.g4 Kd7 59.g5 Rc4 60.a5 Rc5 61.Nd4 Rxa5 62.Ke4 Kd6 63.Nf3 Ra4+ 64.Kd3 Ra1
65.Ne5 Ke6 66.Nf3 c5 67.Ne5 Rh1 68.Kc4 Rh3 69.e4 Re3 70.Kxc5 Rxe4 71.Nd3 Kf5
72.Kc6 Re3 73.Ne5 Rxe5 74.fxe5 Kxe5 75.Kd7 f5 76.gxf6 Kxf6  0-1

[Event "Koge op"]
[Site "Koge"]
[Date "1997.??.??"]
[Round "2"]
[White "Salmensuu, Olli"]
[Black "Timman, Jan H"]
[Result "0-1"]
[WhiteElo "2380"]
[BlackElo "2625"]

1.c4 e5 2.Nc3 Bb4 3.Nd5 Bc5 4.b4 Bf8 5.Qb3 c6 6.Nc3 Nf6 7.e4 a5 8.b5 Bc5
9.Bd3 d6 10.Nf3 Bg4 11.Be2 O-O 12.d3 Nbd7 13.O-O Ba7 14.Qc2 Nc5 15.Be3 Ne6
16.Rab1 Nd7 17.Qb2 Nf4 18.b6 Nxe2+ 19.Nxe2 Bb8 20.Ne1 Bxe2 21.Qxe2 d5 22.cxd5 cxd5
23.exd5 f5 24.Nf3 Nf6 25.Rb5 Re8 26.a4 Bd6 27.Rc1 Qd7 28.Rc4 h6 29.Qb2 Qf7
30.Bc5 e4 31.dxe4 fxe4 32.Nd2 Ng4 33.Nf1 Ne5 34.Rc3 Bxc5 35.Rcxc5 Nd3 36.Qd4 Nxc5
37.Rxc5 Rac8 38.Rxa5 e3 39.fxe3 Rc1 40.Qd3 Rf8  0-1

[Event "Hoogovens playoff 5'"]
[Site "Merrillville"]
[Date "1997.??.??"]
[Round "?"]
[White "Van Wely, Loek"]
[Black "Timman, Jan H"]
[Result "0-1"]
[WhiteElo "2655"]
[BlackElo "2625"]

1.d4 Nf6 2.Nf3 e6 3.c4 b6 4.g3 Ba6 5.b3 b5 6.Bg2 bxc4 7.Ne5 Bb4+ 8.Kf1 d5
9.bxc4 O-O 10.c5 c6 11.Bf3 Nfd7 12.Nd3 Ba5 13.Kg2 e5 14.dxe5 Bc7 15.Bb2 Qe7
16.Nc3 Nxe5 17.Nxe5 Bxe5 18.Qa4 Bc4 19.Rad1 Qb7 20.Ba1 Bxc3 21.Bxc3 Nd7 22.Bd4 Rfe8
23.e3 Qa6 24.Qxa6 Bxa6 25.Rb1 Rab8 26.Bg4 Nf8 27.h4 Bb5 28.Rb3 Bc4 29.Ra3 a6
30.Rc1 Ne6 31.Ra4 Nxd4 32.exd4 Bb5 33.Ra3 Re4 34.Rd1 Rxg4  0-1

[Event "EU-chT (Men)"]
[Site "Pula"]
[Date "1997.??.??"]
[Round "3"]
[White "Guliev, Sarhan"]
[Black "Timman, Jan H"]
[Result "0-1"]
[WhiteElo "2425"]
[BlackElo "2630"]

1.d4 Nf6 2.c4 e6 3.Nc3 Bb4 4.e3 O-O 5.Ne2 d5 6.a3 Be7 7.cxd5 exd5 8.g3 c6
9.Bg2 Na6 10.O-O Nc7 11.Nf4 a6 12.Nd3 Nb5 13.Ne5 Re8 14.a4 Nd6 15.b4 Be6
16.a5 Nde4 17.Qb3 Bd6 18.Na4 Bc7 19.f3 Nd6 20.Nc5 Qc8 21.Qd1 Bh3 22.Ra2 Bxg2
23.Rxg2 Nf5 24.f4 Nd6 25.g4 Nfe4 26.Ncd3 f6 27.Nf3 Nc4 28.Qe1 Kh8 29.Qh4 Qd7
30.g5 fxg5 31.fxg5 Kg8 32.g6 h6 33.Nfe5 Bxe5 34.dxe5 Qe7 35.Qh5 Rf8 36.Rf7 Rxf7
37.gxf7+ Qxf7 38.Qxh6 Re8 39.h4 Re6 40.Qf4 Qh5 41.Kh2 Re8 42.Qg4 Qxg4 43.Rxg4 Nxe5
44.Nxe5 Rxe5 45.Bb2 Re7 46.Bd4 Nd6 47.Rg5 Rf7 48.Kh3 Nf5 49.Bc5 Rf6 50.h5 Kh7
51.Kg4 Nh6+ 52.Kg3 Nf7 53.Rg4 Nd6 54.Kh4 Kh6 55.Rg1 Nf5+ 56.Kg4 g5 57.e4 dxe4
58.Rd1 Nh4 59.Rd6 Rxd6 60.Bxd6 Nf3 61.Bf8+ Kh7 62.Bc5 Kg7 63.Kf5 Kh6 64.Kxe4 g4
65.Kf5 Kxh5 66.Ke6 Ne1 67.Kd7 Nd3 68.Bg1 Nxb4 69.Kc7 g3 70.Kxb7 Kg4 71.Kb6 Kf3
72.Kc5 Kg2 73.Bd4 Nd3+ 74.Kxc6 Kf1 75.Kb6 g2  0-1

[Event "EU-chT (Men)"]
[Site "Pula"]
[Date "1997.??.??"]
[Round "4"]
[White "Ftacnik, Lubomir"]
[Black "Timman, Jan H"]
[Result "1/2-1/2"]
[WhiteElo "2595"]
[BlackElo "2630"]

1.d4 Nf6 2.Nf3 e6 3.c4 b6 4.g3 Ba6 5.Nbd2 Bb4 6.Qc2 Bb7 7.Bg2 Be4 8.Qb3 Bxd2+
9.Bxd2 O-O 10.O-O d6 11.Bg5 Nbd7 12.Qe3 Qe8 13.Rfc1 Bb7 14.Bxf6 Nxf6 15.h3 Nd7
16.Rc3 h6 17.Ne5 Bxg2 18.Nxd7 Qxd7 19.Kxg2 a5 20.Rd1 Rfe8 21.Rd2 Qa4 22.Qd3 e5
23.dxe5 Rxe5 24.b3 Qb4 25.a4 Rae8 26.e3 R8e6 27.Qc2 Qc5  1/2-1/2

[Event "EU-chT (Men)"]
[Site "Pula"]
[Date "1997.??.??"]
[Round "8"]
[White "Degraeve, Jean Marc"]
[Black "Timman, Jan H"]
[Result "0-1"]
[WhiteElo "2515"]
[BlackElo "2630"]

1.e4 d6 2.d4 Nf6 3.Nc3 g6 4.Nf3 Bg7 5.Be2 O-O 6.O-O c6 7.e5 dxe5 8.Nxe5 Bf5
9.Bf4 Nbd7 10.Re1 Nb6 11.Qd2 Nbd5 12.Nxd5 cxd5 13.Bd3 Bxd3 14.Nxd3 Ne4 15.Qe3 Re8
16.c3 Nd6 17.Bxd6 Qxd6 18.a4 e6 19.a5 Rac8 20.a6 b6 21.f4 Qd7 22.Ne5 Qb5
23.Qe2 Qxe2 24.Rxe2 Bf8 25.Kf2 Rc7 26.g4 Bd6 27.Nd3 b5 28.Ke3 Rb8 29.Ree1 b4
30.cxb4 Rc2 31.Re2 Rc4 32.Rc1 Bxb4 33.Rec2 Bd6 34.h3 Rb3 35.f5 Be7 36.fxe6 Bg5+
37.Ke2 Bxc1 38.e7 Rb8  0-1

[Event "EU-chT (Men)"]
[Site "Pula"]
[Date "1997.??.??"]
[Round "9"]
[White "Azmaiparashvili, Zurab"]
[Black "Timman, Jan H"]
[Result "1/2-1/2"]
[WhiteElo "2650"]
[BlackElo "2630"]

1.d4 Nf6 2.c4 e6 3.Nf3 b6 4.g3 Bb7 5.Bg2 Be7 6.O-O O-O 7.Nc3 Ne4 8.Qc2 Nxc3
9.Qxc3 c5 10.b3 Bf6 11.Bb2 cxd4 12.Nxd4 Bxg2 13.Kxg2 Nc6 14.Qe3 Qc8  1/2-1/2

[Event "Ubeda"]
[Site "Ubeda"]
[Date "1997.??.??"]
[Round "1"]
[White "Timman, Jan H"]
[Black "Jussupow, Artur"]
[Result "1/2-1/2"]
[WhiteElo "2630"]
[BlackElo "2665"]

1.c4 e5 2.Nc3 Nc6 3.g3 g6 4.Bg2 Bg7 5.Rb1 a5 6.d3 d6 7.e4 f5 8.Nge2 Nf6 9.Nd5 O-O
10.O-O Nb4 11.Nxf6+ Qxf6 12.a3 Nc6 13.Be3 Nd4 14.Bxd4 exd4 15.exf5 Bxf5 16.Bxb7 Rab8
17.Bd5+ Kh8 18.b4 Bh3 19.Bg2 Bxg2 20.Kxg2 Qf3+ 21.Kg1 g5 22.Nc1 Qf5 23.Rb2 Qh3
24.f3 axb4 25.axb4 Rbe8 26.Re2 Re3 27.Rxe3 dxe3 28.Ne2 Qf5 29.Qb1 d5 30.c5 d4
31.Qb3 Ra8 32.Kg2 h5 33.h3 h4 34.g4 Qd7 35.b5 Rb8 36.Rb1 Rf8 37.Qc4 Be5 38.Ra1 Rb8
39.Ra5 Kg7 40.c6 Qd6 41.Ra7 Kh6 42.Rb7 Rf8 43.b6 Bh8 44.Rxc7 Rxf3 45.Kxf3 Qf6+
46.Ke4  1/2-1/2

[Event "Ubeda"]
[Site "Ubeda"]
[Date "1997.??.??"]
[Round "2"]
[White "Illescas Cordoba, Miguel"]
[Black "Timman, Jan H"]
[Result "1/2-1/2"]
[WhiteElo "2635"]
[BlackElo "2630"]

1.Nf3 Nf6 2.c4 c5 3.Nc3 Nc6 4.g3 d5 5.cxd5 Nxd5 6.Bg2 g6 7.d3 Bg7 8.Bd2 O-O
9.Qc1 b6 10.Bh6 Bb7 11.h4 Nxc3 12.Bxg7 Kxg7 13.Qxc3+ f6 14.Ng5 Qd6 15.h5 Rh8
16.h6+ Kf8 17.Rh4 Rb8 18.Bxc6 Bxc6 19.Rc1 e5 20.Ne4 Qe7 21.Nxf6 g5 22.Ng4 gxh4
23.Nxe5 Re8 24.Ng6+ hxg6 25.Qxh8+ Kf7 26.Qg7+ Ke6 27.Qxg6+ Kd7 28.Qg4+ Qe6
29.Rc4 hxg3 30.fxg3 Bd5 31.Rf4 Re7 32.Qxe6+ Kxe6 33.g4 Rf7 34.Rf5 Rh7 35.e4 Bxa2
36.g5 Ke7 37.Kd2 Rh8 38.Ke3 Bg8 39.Rf6 Ba2 40.Rc6 Kd7 41.Rf6 Ke7 42.Rc6 Kd7  1/2-1/2

[Event "Ubeda"]
[Site "Ubeda"]
[Date "1997.??.??"]
[Round "9"]
[White "Almasi, Zoltan"]
[Black "Timman, Jan H"]
[Result "0-1"]
[WhiteElo "2595"]
[BlackElo "2630"]

1.e4 e6 2.d4 d5 3.Nc3 Bb4 4.e5 c5 5.a3 Bxc3+ 6.bxc3 Ne7 7.Qg4 Qc7 8.Qxg7 Rg8
9.Qxh7 cxd4 10.Ne2 Nbc6 11.f4 dxc3 12.Qd3 Bd7 13.Be3 Rc8 14.g3 Nf5 15.Bf2 Qa5
16.Bh3 d4 17.O-O Rd8 18.Rfd1 Nxe5 19.fxe5 Bb5 20.Qe4 Bc6 21.Qf4 Qd5 22.Kf1 Qh1+
23.Ng1 Qxh2 24.Rd3 Ne3+ 25.Ke2 Bb5 26.Rb1 Ba6 27.Qf6 Ng4 28.Bxg4 Rxg4 29.Qf3 Rg5
30.Rxb7 Rxe5+ 31.Kf1 Rf5 32.Qc6+ Kf8 33.Nf3 Qh1+ 34.Ke2 Bxd3+ 35.cxd3 c2  0-1

[Event "Villarrobledo rapid op"]
[Site "Villarrobledo"]
[Date "1997.??.??"]
[Round "5"]
[White "Timman, Jan H"]
[Black "Karpov, Anatoly"]
[Result "0-1"]
[WhiteElo "2625"]
[BlackElo "2745"]

1.d4 Nf6 2.Nf3 e6 3.Bg5 h6 4.Bxf6 Qxf6 5.e4 d6 6.c3 g6 7.Nbd2 Bg7 8.Bd3 Nd7
9.Qe2 e5 10.Nc4 O-O 11.O-O Re8 12.dxe5 dxe5 13.b4 Nb6 14.Na5 Bf8 15.Qe3 Rb8
16.Rfe1 Be6 17.a3 Rec8 18.Nd2 c5 19.Bb5 Rc7 20.Nac4 Bxc4 21.Nxc4 Nxc4 22.Bxc4 cxb4
23.Bd5 Bc5 24.Qe2 bxc3 25.Rec1 Bd4 26.Rc2 b5 27.g3 Rb6 28.Kg2 Kg7 29.Rb1 a6
30.h4 Qe7 31.Ra1 Rf6 32.Qd3 Qc5 33.f3 a5 34.Rb1 Rb6 35.Ra1 Rd7 36.Rb1 b4
37.axb4 axb4 38.Qc4 Rxd5  0-1

[Event "Hoogovens Blitz"]
[Site "Wijk aan Zee"]
[Date "1998.01.19"]
[Round "9"]
[White "Gelfand, Boris"]
[Black "Timman, Jan H"]
[Result "1-0"]
[WhiteElo "2675"]
[BlackElo "2635"]

1.c4 e5 2.Nc3 Nf6 3.Nf3 Nc6 4.g3 Nd4 5.Bg2 Nxf3+ 6.Bxf3 Bb4 7.Qb3 Bc5 8.O-O O-O
9.Na4 Be7 10.Rd1 d6 11.Nc3 Nd7 12.d4 Bf6 13.dxe5 Bxe5 14.Be3 Nf6 15.c5 Be6
16.Qxb7 Rb8 17.Qxa7 Rxb2 18.Bd4 Bxd4 19.Rxd4 Rc2 20.Nb5 Qb8 21.Qxb8 Rxb8
22.Nxc7 dxc5 23.Ra4 Bc4 24.Na6 Re8 25.Nxc5 Bb5 26.Ra5 Rxc5 27.a4 Bxe2 28.Rxc5 Bxf3
29.a5 Ne4 30.Rc2 Ng5 31.h4 Be4 32.Rc3 Nf3+ 33.Kf1 Nd2+ 34.Ke2 Nb1 35.Re3 f5
36.Rxb1 Ra8 37.Ra1 Ra6 38.Rb3 Kf7 39.Rb6 Ra7 40.a6 Ke7 41.Ke3 Bd5 42.Kd4 Bf3
43.Ke5 g6 44.Rab1 Kd8 45.Rd6+ Kc7 46.Rc1+ Kb8 47.Rd8+  1-0

[Event "Breda m"]
[Site "Breda"]
[Date "1998.05.09"]
[Round "3"]
[White "Van Wely, Loek"]
[Black "Timman, Jan H"]
[Result "1-0"]
[WhiteElo "2605"]
[BlackElo "2635"]

1.Nf3 Nf6 2.c4 e6 3.Nc3 Bb4 4.Qc2 O-O 5.a3 Bxc3 6.Qxc3 b6 7.b4 Bb7 8.Bb2 d6
9.e3 Nbd7 10.Be2 Qe7 11.O-O c5 12.d3 Rfe8 13.a4 a5 14.bxc5 bxc5 15.Nd2 Ne5
16.d4 cxd4 17.exd4 Ng6 18.Rfe1 Rec8 19.Qg3 Qd7 20.h4 d5 21.c5 Bc6 22.Bd1 Qc7
23.Qxc7 Rxc7 24.g3 Ne7 25.f3 Be8 26.Bc3 Nc6 27.Nb3 Nd7 28.Rb1 Ndb8 29.Be2 Nb4
30.Nxa5 Rxa5 31.Rxb4 Nc6 32.Rb8 Nxb8 33.Bxa5 Ra7 34.Rb1 Nc6 35.Bb5 Ra8 36.Bc7 f6
37.a5 Ra7 38.Bb6 Ra8 39.a6 Kf7 40.Bc7 Ke7 41.Bxc6 Bxc6 42.Rb6  1-0

[Event "Breda m"]
[Site "Breda"]
[Date "1998.05.12"]
[Round "5"]
[White "Van Wely, Loek"]
[Black "Timman, Jan H"]
[Result "1-0"]
[WhiteElo "2605"]
[BlackElo "2635"]

1.Nf3 Nf6 2.c4 e6 3.Nc3 Bb4 4.Qc2 O-O 5.a3 Bxc3 6.Qxc3 d6 7.d4 b6 8.Bg5 Bb7
9.Nd2 Nbd7 10.f3 d5 11.e3 Rc8 12.cxd5 exd5 13.Bd3 h6 14.Bh4 Qe7 15.Bf5 Rce8
16.Bxd7 Qxd7 17.Bxf6 gxf6 18.Kf2 Re7 19.Nf1 Rfe8 20.Re1 c5 21.Ng3 c4 22.Nh5 Qd6
23.g4 Rc7 24.h4 Kf8 25.Qc2 c3 26.bxc3 Rec8 27.Qh7 Rxc3 28.Re2 Ba6 29.Rd2 Ke7
30.Nf4 Rxa3 31.Qxh6 Rcc3 32.Re1 Rd3 33.Rxd3 Bxd3 34.h5 Bc4 35.g5 Ra2+ 36.Kg3 fxg5
37.Qxg5+ Qf6 38.Qxf6+ Kxf6 39.h6  1-0

[Event "Breda m"]
[Site "Breda"]
[Date "1998.05.13"]
[Round "6"]
[White "Timman, Jan H"]
[Black "Van Wely, Loek"]
[Result "1-0"]
[WhiteElo "2635"]
[BlackElo "2605"]

1.e4 c5 2.Nf3 d6 3.d4 cxd4 4.Nxd4 Nf6 5.Nc3 a6 6.Be3 Nc6 7.h3 e6 8.g4 Be7
9.Bg2 h6 10.f4 Qc7 11.O-O Nxd4 12.Qxd4 e5 13.Qd2 exf4 14.Rxf4 Be6 15.Raf1 O-O
16.Rxf6 Bxf6 17.Rxf6 gxf6 18.Qf2 Kg7 19.e5 fxe5 20.Bxh6+ Kg6 21.Qh4  1-0

[Event "Breda m"]
[Site "Breda"]
[Date "1998.05.14"]
[Round "7"]
[White "Van Wely, Loek"]
[Black "Timman, Jan H"]
[Result "1/2-1/2"]
[WhiteElo "2605"]
[BlackElo "2635"]

1.Nf3 Nf6 2.c4 e6 3.Nc3 Bb4 4.Qc2 O-O 5.a3 Bxc3 6.Qxc3 d6 7.d4 b6 8.Bg5 Bb7
9.Nd2 Nbd7 10.f3 d5 11.e3 Re8 12.Bd3 h6 13.Bh4 e5 14.O-O exd4 15.exd4 dxc4
16.Nxc4 Nf8 17.Ne5 Ne6 18.Bc4 Nd5 19.Bxd8 Nxc3 20.bxc3 Raxd8 21.f4 Bd5 22.Bb5 Re7
23.Bc6 Nf8 24.Bxd5 Rxd5 25.Nc6 Re6 26.c4 Rdd6 27.d5 Re4 28.Rac1 a6 29.g3 Nd7
30.Rfe1 Rxe1+ 31.Rxe1 Kf8 32.Kf2  1/2-1/2

[Event "Breda m"]
[Site "Breda"]
[Date "1998.05.17"]
[Round "9"]
[White "Van Wely, Loek"]
[Black "Timman, Jan H"]
[Result "1/2-1/2"]
[WhiteElo "2605"]
[BlackElo "2635"]

1.Nf3 Nf6 2.c4 e6 3.Nc3 Bb4 4.Qb3 c5 5.a3 Ba5 6.g3 Nc6 7.Bg2 O-O 8.O-O d6
9.e3 e5 10.d3 h6 11.Nd2 Bd7 12.Nd5 Rb8 13.f4 exf4 14.gxf4 Re8 15.Nxf6+ Qxf6
16.Ne4 Qg6 17.Kh1 Ne7 18.Rg1 Bc6 19.Qc2 d5 20.cxd5 Nxd5 21.Bf3 Qe6 22.Qg2 g6
23.Nxc5 Nxe3 24.Bxe3 Bxf3 25.Nxe6 Bxg2+ 26.Rxg2 Rxe6 27.Bxa7 Rd8 28.f5 Ra6
29.Bc5 Rxd3 30.b4 Bc7 31.fxg6 Rxg6 32.Rxg6+ fxg6 33.a4 Rd2 34.Re1 Bd6 35.Bxd6 Rxd6
36.Re7 b6 37.Rb7 Kf8 38.Kg2 Rd2+ 39.Kf3 Ra2 40.Rxb6 Rxa4 41.Ke4 Ke7 42.Kd5 h5
43.h4 Kf7 44.Kc5 Ra1 45.b5 Rc1+ 46.Kd5 Rb1 47.Ke5 Kg7 48.Rb7+ Kh6 49.Rb8 g5
50.Rb6+ Kg7 51.hxg5 h4 52.Kf4 h3 53.Kg3 Rg1+ 54.Kxh3 Rxg5 55.Rb8 Kf7 56.Kh4 Rc5
57.b6 Rb5 58.Kg4 Ke7 59.b7 Kd7 60.Rh8 Rxb7 61.Rh7+ Kc6 62.Rxb7 Kxb7  1/2-1/2

[Event "Breda m"]
[Site "Breda"]
[Date "1998.05.18"]
[Round "10"]
[White "Timman, Jan H"]
[Black "Van Wely, Loek"]
[Result "1/2-1/2"]
[WhiteElo "2635"]
[BlackElo "2605"]

1.e4 c5 2.Nf3 d6 3.d4 cxd4 4.Nxd4 Nf6 5.Nc3 a6 6.Be3 e5 7.Nb3 Be6 8.f3 Be7
9.Qd2 Nbd7 10.g4 h6 11.O-O-O b5 12.Kb1 Nb6 13.Qf2 Nc4 14.Bxc4 bxc4 15.Nc5 Qc7
16.N5a4 Rb8 17.h4 Qc6 18.g5 Nd7 19.gxh6 gxh6 20.Qd2 h5 21.Ka1 Nf8 22.Qf2 Ng6
23.Nb6 Bxh4 24.Rxh4 Nxh4 25.Qxh4 Rxb6 26.f4 exf4 27.Bxb6 Qxb6 28.Nd5 Bxd5
29.exd5 Rg8 30.Re1+ Kd7 31.Qxf4 Rg1 32.Qxf7+ Kc8 33.Qe8+ Kc7 34.Qe7+  1/2-1/2

[Event "Chess Classics Masters"]
[Site "Frankfurt"]
[Date "1998.06.17"]
[Round "1"]
[White "Portisch, Lajos"]
[Black "Timman, Jan H"]
[Result "1/2-1/2"]
[WhiteElo "2600"]
[BlackElo "2635"]

1.d4 Nf6 2.c4 e6 3.Nf3 b6 4.g3 Ba6 5.b3 Bb7 6.Bg2 Bb4+ 7.Bd2 a5 8.O-O O-O
9.Qc2 Re8 10.Nc3 d6 11.Rfe1 Bxc3 12.Bxc3 Be4 13.Qb2 h6 14.Bf1 Bh7 15.Nd2 d5
16.Bg2 c6 17.e4 Na6 18.cxd5 cxd5 19.e5 Nd7 20.Bf1 Nb4 21.Bxb4 axb4 22.Rec1 Ra5
23.a4 bxa3 24.Rxa3 Qb8 25.Rxa5 bxa5 26.Qc3 Qb6 27.Qc7 Qxc7 28.Rxc7 Nf8 29.Bb5 Rb8
30.Rc5 g5 31.Kg2 Ng6 32.Nf1 Ne7 33.Ne3 Nf5 34.Nxf5 Bxf5 35.Kf3 Bc2 36.Rxc2 Rxb5
37.Rc3 Kg7 38.h4 Rb4 39.Rd3 f6 40.exf6+ Kxf6 41.hxg5+ hxg5 42.Ke3 e5 43.dxe5+ Kxe5
44.f3 d4+ 45.Kd2 Rb7 46.f4+ gxf4 47.gxf4+ Ke4 48.Rh3 Rb5 49.Rh4 Rf5 50.Rh8 Rxf4
51.Re8+ Kd5 52.Ra8 Rf2+ 53.Kd3 Rf3+ 54.Kd2 Rxb3 55.Rxa5+ Ke4 56.Rh5 Rb2+
57.Kd1 Kd3 58.Rh3+ Kc4 59.Ra3 Rh2 60.Kc1 Kd5 61.Kd1 Ke4 62.Rg3  1/2-1/2

[Event "Chess Classics Masters"]
[Site "Frankfurt"]
[Date "1998.06.18"]
[Round "7"]
[White "Timman, Jan H"]
[Black "Jussupow, Artur"]
[Result "1/2-1/2"]
[WhiteElo "2635"]
[BlackElo "2630"]

1.d4 Nf6 2.c4 e6 3.Nc3 Bb4 4.Qc2 d5 5.cxd5 Qxd5 6.Nf3 Qf5 7.Qxf5 exf5 8.a3 Bd6
9.Nb5 Be6 10.e3 Nc6 11.Bd2 a6 12.Nxd6+ cxd6 13.Bd3 Ne7 14.Ng5 Bd5 15.f3 h6
16.Nh3 Rc8 17.Ke2 Bc4 18.Rac1 Bxd3+ 19.Kxd3 Kd7 20.e4 fxe4+ 21.fxe4 Rxc1
22.Rxc1 Ng4 23.Rf1 f5 24.exf5 Nxh2 25.Rf4 Rf8 26.f6 Rxf6 27.Rxf6 gxf6 28.Bxh6 Ng4
29.Bd2 f5  1/2-1/2

[Event "Chess Classics Masters"]
[Site "Frankfurt"]
[Date "1998.06.19"]
[Round "12"]
[White "Kortschnoj, Viktor"]
[Black "Timman, Jan H"]
[Result "1/2-1/2"]
[WhiteElo "2625"]
[BlackElo "2635"]

1.d4 Nf6 2.c4 e6 3.Nf3 b6 4.g3 Ba6 5.Qa4 Bb7 6.Bg2 c5 7.dxc5 Bxc5 8.O-O O-O
9.Nc3 Be7 10.Bf4 Na6 11.Rad1 Nc5 12.Qc2 Qc8 13.Ne1 Bxg2 14.Nxg2 Qc6 15.b3 Rfd8
16.Bg5 h6 17.Bxf6 Bxf6 18.Nf4 Be5 19.Nd3 Nxd3 20.Rxd3 Rac8 21.Qd2 a6 22.a4 Bxc3
23.Rxc3 d5 24.Rd3 b5 25.axb5 axb5 26.Rd4 bxc4 27.bxc4 Qa4 28.cxd5 Rc4 29.Rxc4 Qxc4
30.d6 Qd5 31.Qxd5 exd5 32.Rd1 Rxd6 33.Rd4 Kf8 34.e4 Ke7 35.exd5 Rf6 36.Rg4 g6
37.Ra4 Rf5 38.Ra7+ Kd6 39.Kg2 Kxd5 40.g4 Rf6 41.Kg3 g5 42.f3 Ke5 43.Rb7 Rf4
44.Rb6 Rf6 45.Rb8 Ke6 46.Rb7 Ke5 47.Re7+ Kd6 48.Re3 Re6 49.Rd3+ Ke7 50.h4 Kf6
51.Rd5 Ra6 52.Rf5+ Kg6 53.h5+ Kg7  1/2-1/2

[Event "NLD-ch"]
[Site "Rotterdam"]
[Date "1998.06.24"]
[Round "4"]
[White "Sokolov, Ivan"]
[Black "Timman, Jan H"]
[Result "1/2-1/2"]
[WhiteElo "2625"]
[BlackElo "2635"]

1.d4 Nf6 2.c4 e6 3.Nc3 Bb4 4.Qc2 O-O 5.a3 Bxc3+ 6.Qxc3 b6 7.Bg5 Bb7 8.Nf3 d6
9.Nd2 Nbd7 10.f3 d5 11.e3 Re8 12.Bd3 h6 13.Bh4 c5 14.dxc5 Nxc5 15.Be2 e5
16.cxd5 g5 17.Bf2 Nxd5 18.Qc2 Rc8 19.b4 Ne6 20.Qb2 e4 21.Nxe4 f5 22.Ng3 f4
23.exf4 Nexf4 24.O-O Nc3 25.Rae1 Qd5 26.Ne4 Nxe4 27.fxe4 Qxe4 28.Qb3+ Bd5
29.Bf3 Qxf3 30.Qxf3 Bxf3 31.gxf3 Re2 32.Bg3 Ra2 33.Bxf4 gxf4  1/2-1/2